[Event "ARG-ch U18 Girls"]
[Site "Ibague"]
[Date "2024.03.17"]
[Round "7"]
[White "Riano Espinoza, Laura Sofia"]
[Black "Callejas Riano, Natalia Catherine"]
[Result "1-0"]
[WhiteElo "1542"]
[BlackElo "1470"]
[PlyCount "73"]
[EventDate "2024.03.14"]
[EventType "swiss"]
[EventRounds "7"]
[EventCountry "COL"]
[SourceTitle "CB12_2024"]
[SourceDate "2023.10.01"]
[SourceVersion "1"]
[SourceVersionDate "2023.10.01"]
[SourceQuality "1"]

1. e4 c5 2. Nf3 Nc6 3. g3 e6 4. Bg2 d6 5. d3 Nf6 6. 0-0 Be7 7. b3 0-0 8. Bb2 e5 9. Nc3 Bg4 10. Ne2 Bxf3 11. Bxf3 Rc8 12. c4 a6 13. Bg2 b5 14. f4 Nd4 15. Bxd4 cxd4 16. Rc1 Ng4 17. Qd2 Ne3 18. Rf2 exf4 19. Nxf4 Bg5 20. Bh3 Rb8 21. Qb2 Bxf4 22. Rxf4 g5 23. Rf2 g4 24. Qxd4 Qg5 25. Re1 Nxc4 26. dxc4 gxh3 27. Qxd6 Rfd8 28. Qxa6 Rd2 29. Qa7 Rbd8 30. Qxf7+ Kh8 31. Qf5 Qxf5 32. exf5 Rxf2 33. Kxf2 Rd2+ 34. Re2 Rxe2+ 35. Kxe2 bxc4 36. bxc4 Kg7 37. Kf3 1-0

[Event "ARG-ch U18 Girls"]
[Site "Ibague"]
[Date "2024.03.16"]
[Round "4"]
[White "Betancur Florez, Daniela"]
[Black "Callejas Riano, Natalia Catherine"]
[Result "1-0"]
[WhiteElo "1464"]
[BlackElo "1470"]
[PlyCount "119"]
[EventDate "2024.03.14"]
[EventType "swiss"]
[EventRounds "7"]
[EventCountry "COL"]
[SourceTitle "CB12_2024"]
[SourceDate "2023.10.01"]
[SourceVersion "1"]
[SourceVersionDate "2023.10.01"]
[SourceQuality "1"]

1. Nf3 c5 2. g3 Nc6 3. Bg2 e6 4. 0-0 Nf6 5. d3 Be7 6. e4 e5 7. Nh4 d6 8. f4 exf4 9. Bxf4 h6 10. Bc1 Nd4 11. c3 Nc6 12. Nf5 Bxf5 13. Rxf5 Qb6 14. Na3 0-0 15. Nc4 Qc7 16. Bf4 b5 17. e5 bxc4 18. exf6 Bxf6 19. Rd5 Be5 20. Bxe5 Nxe5 21. dxc4 Nxc4 22. Qe2 Ne5 23. Rad1 Rad8 24. Qa6 Qb6 25. Qxb6 axb6 26. b3 Ng4 27. Rxd6 Rxd6 28. Rxd6 Rb8 29. b4 cxb4 30. cxb4 Ne3 31. a4 b5 32. a5 Nc2 33. a6 Nxb4 34. a7 Rc8 35. a8Q Rxa8 36. Bxa8 Kf8 37. Rb6 Nd3 38. Rxb5 Ke7 39. Kg2 f6 40. Rb7+ Kf8 41. Ra7 Ne1+ 42. Kh3 g5 43. Kg4 Nd3 44. Kf5 Ne5 45. Kxf6 Ng4+ 46. Kg6 Nxh2 47. Kxh6 g4 48. Kg5 Ke8 49. Rh7 Nf3+ 50. Bxf3 gxf3 51. Rh1 Kf7 52. Rf1 Kg7 53. Rxf3 Kg8 54. Ra3 Kf7 55. Ra6 Ke7 56. Kf5 Kf7 57. Ra7+ Kf8 58. Kg6 Ke8 59. Kf6 Kd8 60. Ke6 1-0

[Event "COL-ch U16 Girls"]
[Site "Villavicencio"]
[Date "2022.05.12"]
[Round "3"]
[White "Alvarado Quintero, Laura Natalia"]
[Black "Callejas Riano, Natalia Catherine"]
[Result "1-0"]
[WhiteElo "1236"]
[BlackElo "1147"]
[PlyCount "65"]
[EventDate "2022.05.11"]
[EventType "swiss"]
[EventRounds "9"]
[EventCountry "COL"]
[SourceTitle "CBM 208 Extra"]
[Source "ChessBase"]
[SourceDate "2022.07.31"]
[SourceVersion "1"]
[SourceVersionDate "2022.07.31"]
[SourceQuality "1"]

1. e4 c5 2. Nf3 Nc6 3. d4 cxd4 4. Nxd4 Qb6 5. Nb3 Nf6 6. Nc3 e6 7. a3 a6 8. Be3 Qc7 9. Bd3 Be7 10. f4 d6 11. 0-0 b5 12. Qf3 Bb7 13. Qg3 0-0 14. Be2 Rad8 15. f5 Rfe8 16. Nd2 Qb8 17. fxe6 fxe6 18. Bf4 Qa8 19. Rae1 d5 20. e5 Nd7 21. Bh5 Bc5+ 22. Kh1 Rf8 23. Bh6 Rxf1+ 24. Rxf1 g6 25. Bxg6 Kh8 26. Bxh7 Rg8 27. Bxg8 Qxg8 28. Qh3 Ncxe5 29. Rf4 Ng6 30. Bg5+ Qh7 31. Qxh7+ Kxh7 32. Rf7+ Kg8 33. Rxd7 1-0

[Event "COL-ch U20 Girls"]
[Site "Tolima"]
[Date "2020.02.15"]
[Round "6"]
[White "Callejas Riano, Natalia Catherine"]
[Black "Quevedo Bonilla, Paula Thaliana"]
[Result "1-0"]
[WhiteElo "1406"]
[BlackElo "1332"]
[PlyCount "60"]
[EventDate "2020.02.12"]
[EventType "swiss"]
[EventRounds "7"]
[EventCountry "COL"]
[SourceTitle "CBM 195 Extra"]
[Source "ChessBase"]
[SourceDate "2020.05.31"]
[SourceVersion "1"]
[SourceVersionDate "2020.05.31"]
[SourceQuality "1"]

1. e4 e5 2. Nf3 Nc6 3. Bc4 Bc5 4. 0-0 Nf6 5. d4 exd4 6. Bg5 0-0 7. e5 Be7 8. exf6 Bxf6 9. Bxf6 Qxf6 10. c3 dxc3 11. Nxc3 d6 12. h3 Re8 13. Re1 Rxe1+ 14. Qxe1 Bd7 15. Ne4 Qf4 16. Neg5 Qxc4 17. Qb1 g6 18. b3 Qd5 19. Ne4 Bf5 20. Nf6+ Kf8 21. Nxd5 Bxb1 22. Rxb1 Re8 23. Nxc7 Re7 24. Nd5 Re2 25. a3 a5 26. Rc1 Kg7 27. Rd1 h5 28. Nf4 Rb2 29. Rd3 Rb1+ 30. Kh2 f6 1-0

[Event "Tolima Departament-ch U14"]
[Site "Tolima"]
[Date "2020.01.07"]
[Round "1"]
[White "Medina Baquiro, Paula Andrea"]
[Black "Callejas Riano, Natalia Catherine"]
[Result "0-1"]
[WhiteElo "1261"]
[BlackElo "1406"]
[PlyCount "32"]
[EventDate "2020.01.07"]
[EventType "swiss"]
[EventRounds "5"]
[EventCountry "COL"]
[SourceTitle "CBM 195 Extra"]
[Source "ChessBase"]
[SourceDate "2020.05.31"]
[SourceVersion "1"]
[SourceVersionDate "2020.05.31"]
[SourceQuality "1"]

1. e4 e5 2. Nf3 Nc6 3. Bc4 Bc5 4. c3 Nf6 5. d4 Bd6 6. dxe5 Nxe5 7. Nxe5 Bxe5 8. Qf3 0-0 9. Be3 Re8 10. Nd2 d5 11. exd5 Bg4 12. h3 Bxf3 13. gxf3 Bf4 14. Bb5 Re7 15. Be2 Nxd5 16. Nc4 c6 0-1